Loreto College Library, Kolkata
WEBOPAC (ONLINE PUBLIC ACCESS CATALOGUE)

A short history of the Indian people (Record no. 1076)

MARC details
000 -LEADER
fixed length control field 00663nam a2200229Ia 4500
005 - DATE AND TIME OF LATEST TRANSACTION
control field 20230114142342.0
008 - FIXED-LENGTH DATA ELEMENTS--GENERAL INFORMATION
fixed length control field 131103s9999 xx 000 0 und d
040 ## - CATALOGING SOURCE
Original cataloging agency Loreto College
041 ## - LANGUAGE CODE
Language code English
082 ## - DDC | ডিউই
Classification number | বর্গসংখ্যা 954
Book Number | গ্রন্থাঙ্ক CHA
100 ## - MAIN ENTRY--PERSONAL NAME | মুখ্য সংলেখ - ব্যাক্তিনাম
Personal name | ব্যাক্তিনাম Chand, Tara
245 #2 - TITLE STATEMENT | অাখ্যা বিবরণী
Title | অাখ্যা A short history of the Indian people
Sub title | উপঅাখ্যা From the earliest times to the present day
Statement of responsibility | লেখকের দায়িত্বের বিবরণ Tara Chand
250 ## - EDITION STATEMENT | সংস্করণ ক্ষেত্র
Edition statement | সংস্করণ 5th edition
260 ## - IMPRINT | প্রকাশনা ক্ষেত্র
Place of publication | প্রকাশ স্থান Kolkata
Name of publisher | প্রকাশকের নাম Macmillan Co. Limited
Date of publication | প্রকাশ কাল 1969
300 ## - PHYSICAL DESCRIPTION |
Page / Vol. No | পৃষ্ঠা / খন্ড সংখ্যা xi, 464 p.
Other physical details | অনান্য বাহ্যিক বিবরণ Maps, illus
504 ## - BIBLIOGRAPHY, ETC. NOTE
Bibliography, etc Includes appendix and index
630 ## - SUBJECT ADDED ENTRY--UNIFORM TITLE
Uniform title India - History
650 ## - SUBJECT ADDED ENTRY--TOPICAL TERM | বিষয় শিরোনাম - মূল বিষয়
Topical term | মূল বিষয় History -
651 ## - SUBJECT ADDED ENTRY--GEOGRAPHIC NAME | বিষয় শিরোনাম - ভৌগলিক নাম
Geographic name | ভৌগলিক বিষয় History - India People -
850 ## - HOLDING INSTITUTION
Holding institution LCLIB
942 ## - ADDED ENTRY ELEMENTS (KOHA)
Koha item type Books
Holdings
Withdrawn status Lost status Source of classification Damaged status Not for loan Home library Current library Date acquired Total Checkouts Full call number Accession No. Date last seen Price effective from Koha item type Coded location qualifier
    Dewey Decimal Classification     Loreto College Loreto College 04/11/2013   954 CHA 18470 B1709 04/11/2013 04/11/2013 Books